Lugares de la Merindad de Olite (mapa) - Estadísticas

Estadísticas generales
  • Esta prueba ha sido intentada 13 veces
  • La puntuación promedio es 18 de 51
Respuestas en el mapa
Las respuestas están codificadas por una escala verde-roja en el mapa de la prueba según el % correcto abajo.
 
Estadísticas de respuestas
Municipio Lugar % Correcto
Artajona Artajona
75%
Barasoain Barasoain
75%
Falces Falces
75%
Funes Funes
75%
Garinoain Garinoain
75%
Marcilla Marcilla
75%
Mendigorría Mendigorría
75%
Miranda de Arga Miranda de Arga
75%
Murillo el Cuende Murillo el Cuende
75%
Olite Olite
75%
Orísoain Orísoain
75%
Pueyo Pueyo
75%
San Martín de Unx San Martín de Unx
75%
Tafalla Tafalla
75%
Beire Beire
50%
Berbinzana Berbinzana
50%
Caparroso Caparroso
50%
Larraga Larraga
50%
Leoz Leoz
50%
Milagro Milagro
50%
Murillo el Fruto Murillo el Fruto
50%
Olóriz Olóriz
50%
Peralta Peralta
50%
Santacara Santacara
50%
Ujue Ujue
50%
Unzué Unzué
50%
Leoz Artariain
25%
Marcilla La Azucarera
25%
Leoz Maquirriáin
25%
Pitillas Pitillas
25%
Murillo el Cuende Rada
25%
Murillo el Cuende Traibuenas
25%
Miranda de Arga Vergalijo
25%
Leoz Amartriain
0%
Leoz Amunarrizqueta
0%
Olóriz Bariáin
0%
Leoz Benegorri
0%
Leoz Bézquiz
0%
Olóriz Echagüe
0%
Olóriz Eristain
0%
Leoz Iracheta
0%
Leoz Iriberri
0%
Olóriz Mendívil
0%
Mendigorría Muruzabal de Andión
0%
Mendigorría Nuestra Señora de Andión
0%
Leoz Olleta
0%
Olóriz Oricin
0%
Leoz Sánsoain
0%
Leoz Sansomain
0%
Olóriz Solchaga
0%
Leoz Uzquita
0%
No se encontraron pruebas coincidentes
Distribución de puntuación
Porcentaje de gente con cada puntuación
Porcentaje por número respondido
Historial de tus puntuaciones
No has intentado esta prueba.